000 00483nam a2200157 a 4500
001 000022585
005 20200930021703.0
008 101013s1982 ve c 000 0 spa d
040 _aDO-SdBNP
_bspa
_cBNPHU
082 _axxxx
_bP933p
245 0 3 _aEl presidio político en Cuba comunista :
_btestimonio.
260 _aCaracas, :
_bIcosocv,
_c1982.
300 _a511 p. :
_bil. ;
_c22 cm.
504 _aIncluye referencias bibliográficas y notas al pie de las páginas
049 _aBNPD
999 _c22082
_d22082